[Event "Test Tournament"]
[Site "Emanuel Lasker Arena"]
[Date "2024.04.09"]
[Round "4"]
[White "Schachmatz"]
[Black "Zimtowitch"]
[Result "1/2-1/2"]
[WhiteElo "1620"]
[BlackElo "1896"]
[Annotator "NA RC"]
[PlyCount "62"]
[EventDate "2024.04.09"]
[EventType "swiss (blitz)"]
[TimeControl "60"]

1. e4 {[%emt 0:00:01]} c5 {[%emt 0:00:01]} 2. f4 {[%emt 0:00:01]} Nc6 {[%emt 0:00:01]} 3. Nf3 {[%emt 0:00:02]} g6 {[%emt 0:00:01]} 4. Bb5 {[%emt 0:00:01]} Nd4 {[%emt 0:00:09]} 5. Nxd4 {[%emt 0:00:01]} cxd4 {[%emt 0:00:01]} 6. O-O {[%emt 0:00:01]} Bg7 {[%emt 0:00:01]} 7. d3 {[%emt 0:00:01]} Nf6 {[%emt 0:00:01]} 8. e5 {[%emt 0:00:01]} Nd5 {[%emt 0:00:05]} 9. Qf3 {[%emt 0:00:01]} Nb4 {[%emt 0:00:02]} 10. f5 {[%emt 0:00:06]} Nxc2 {[%emt 0:00:03]} 11. f6 {[%emt 0:00:03]} Bf8 {[%emt 0:00:03]} 12. Bg5 {[%emt 0:00:03]} exf6 {[%emt 0:00:01]} 13. Bxf6 {[%emt 0:00:01]} Qb6 {[%emt 0:00:03]} 14. Bxh8 {[%emt 0:00:01]} f5 {[%emt 0:00:03]} 15. exf6 {[%emt 0:00:03]} Kd8 {[%emt 0:00:01]} 16. Qd5 {[%emt 0:00:03]} Ne3 {[%emt 0:00:02]} 17. Qg8 {[%emt 0:00:02]} Nxf1 {[%emt 0:00:01]} 18. Qxf8+ {[%emt 0:00:02]} Kc7 {[%emt 0:00:01]} 19. f7 {[%emt 0:00:03]} Qxb5 {[%emt 0:00:01]} 20. Bxd4 {[%emt 0:00:02]} Qd5 {[%emt 0:00:02]} 21. Qh8 {[%emt 0:00:02]} Qxf7 {[%emt 0:00:01]} 22. Nc3 {[%emt 0:00:02]} Nd2 {[%emt 0:00:01]} 23. Re1 {[%emt 0:00:02]} Qf5 {[%emt 0:00:01]} 24. b4 {[%emt 0:00:02]} Qxd3 {[%emt 0:00:01]} 25. b5 {[%emt 0:00:02]} d6 {[%emt 0:00:01]} 26. Re7+ {[%emt 0:00:02]} Kb8 {[%emt 0:00:01]} 27. h4 {[%emt 0:00:01]} Qf1+ {[%emt 0:00:01]} 28. Kh2 {[%emt 0:00:01]} Qf4+ {[%emt 0:00:01]} 29. Kg1 {[%emt 0:00:01]} Qf1+ {[%emt 0:00:01]} 30. Kh2 {[%emt 0:00:01]} Qf4+ {[%emt 0:00:01]} 31. Kg1 {[%emt 0:00:01]} Qf1+ {[%emt 0:00:01] (Lag: Av=0.07s, max=0.5s)} 1/2-1/2

[Event "Test Tournament"]
[Site "Emanuel Lasker Arena"]
[Date "2024.04.09"]
[Round "4"]
[White "Triskaidekaphobe"]
[Black "Sunset"]
[Result "0-1"]
[WhiteElo "1620"]
[BlackElo "1878"]
[Annotator "NA RC"]
[PlyCount "98"]
[EventDate "2024.04.09"]
[EventType "swiss (blitz)"]
[TimeControl "60"]

1. e4 {[%emt 0:00:01]} e5 {[%emt 0:00:01]} 2. Nf3 {[%emt 0:00:01]} Nc6 {[%emt 0:00:01]} 3. Bb5 {[%emt 0:00:01]} a6 {[%emt 0:00:01]} 4. Ba4 {[%emt 0:00:01]} Nf6 {[%emt 0:00:01]} 5. O-O {[%emt 0:00:01]} Be7 {[%emt 0:00:01]} 6. Re1 {[%emt 0:00:01]} b5 {[%emt 0:00:01]} 7. Bb3 {[%emt 0:00:01]} O-O {[%emt 0:00:01]} 8. c3 {[%emt 0:00:01]} d6 {[%emt 0:00:01]} 9. d4 {[%emt 0:00:01]} Bg4 {[%emt 0:00:01]} 10. Be3 {[%emt 0:00:01]} exd4 {[%emt 0:00:01]} 11. cxd4 {[%emt 0:00:01]} Na5 {[%emt 0:00:01]} 12. Bc2 {[%emt 0:00:01]} c5 {[%emt 0:00:01]} 13. Nbd2 {[%emt 0:00:01]} cxd4 {[%emt 0:00:01]} 14. Bxd4 {[%emt 0:00:01]} Nc6 {[%emt 0:00:01]} 15. Be3 {[%emt 0:00:01]} d5 {[%emt 0:00:01]} 16. h3 {[%emt 0:00:01]} Bh5 {[%emt 0:00:01]} 17. Bf4 {[%emt 0:00:02]} Bb4 {[%emt 0:00:01]} 18. a3 {[%emt 0:00:02]} Bxd2 {[%emt 0:00:01]} 19. Qxd2 {[%emt 0:00:01]} Nxe4 {[%emt 0:00:01]} 20. Qd3 {[%emt 0:00:04]} Qb6 {[%emt 0:00:04]} 21. Be3 {[%emt 0:00:04]} Qd8 {[%emt 0:00:04]} 22. Bc5 {[%emt 0:00:03]} Re8 {[%emt 0:00:01]} 23. Nd4 {[%emt 0:00:03]} Ne5 {[%emt 0:00:04]} 24. Qe3 {[%emt 0:00:03]} Nxc5 {[%emt 0:00:01]} 25. b4 {[%emt 0:00:02]} Nf3+ {[%emt 0:00:01]} 26. Qxf3 {[%emt 0:00:02]} Bxf3 {[%emt 0:00:02]} 27. bxc5 {[%emt 0:00:01]} Rxe1+ {[%emt 0:00:01]} 28. Rxe1 {[%emt 0:00:01]} Be4 {[%emt 0:00:03]} 29. Bxe4 {[%emt 0:00:01]} dxe4 {[%emt 0:00:01]} 30. Rd1 {[%emt 0:00:03]} Qd5 {[%emt 0:00:02]} 31. g4 {[%emt 0:00:01]} Qxc5 {[%emt 0:00:01]} 32. g5 {[%emt 0:00:02]} Qxa3 {[%emt 0:00:02]} 33. Nc6 {[%emt 0:00:02]} Re8 {[%emt 0:00:02]} 34. Kh2 {[%emt 0:00:01]} a5 {[%emt 0:00:01]} 35. Rd7 {[%emt 0:00:01]} Qc3 {[%emt 0:00:01]} 36. Rc7 {[%emt 0:00:01]} b4 {[%emt 0:00:01]} 37. Ne7+ {[%emt 0:00:01]} Rxe7 {[%emt 0:00:01]} 38. Rxe7 {[%emt 0:00:01]} g6 {[%emt 0:00:01]} 39. Rxe4 {[%emt 0:00:01]} b3 {[%emt 0:00:01]} 40. Re8+ {[%emt 0:00:01]} Kg7 {[%emt 0:00:01]} 41. Re3 {[%emt 0:00:01]} Qb4 {[%emt 0:00:01]} 42. Rxb3 {[%emt 0:00:01]} Qxb3 {[%emt 0:00:01]} 43. h4 {[%emt 0:00:01]} Qb8+ {[%emt 0:00:01]} 44. Kg2 {[%emt 0:00:01]} Qb7+ {[%emt 0:00:01]} 45. Kg1 {[%emt 0:00:01]} Qb1+ {[%emt 0:00:01]} 46. Kg2 {[%emt 0:00:00]} Qe4+ {[%emt 0:00:01]} 47. Kg3 {[%emt 0:00:01]} Qe5+ {[%emt 0:00:01]} 48. Kg2 {[%emt 0:00:01]} Qe4+ {[%emt 0:00:00]} 49. f3 {[%emt 0:00:01]} Qe2+ {[%emt 0:00:01] Time (Lag: Av=0.07s, max=0.6s) .} 0-1

[Event "Test Tournament"]
[Site "Emanuel Lasker Arena"]
[Date "2024.04.09"]
[Round "4"]
[White "Botany"]
[Black "Mrs Florrick"]
[Result "0-1"]
[WhiteElo "1553"]
[BlackElo "1780"]
[Annotator "NA RC"]
[PlyCount "68"]
[EventDate "2024.04.09"]
[EventType "swiss (blitz)"]
[TimeControl "60"]

1. d4 {[%emt 0:00:01]} d5 {[%emt 0:00:01]} 2. c4 {[%emt 0:00:01]} e6 {[%emt 0:00:02]} 3. Nc3 {[%emt 0:00:01]} c5 {[%emt 0:00:01]} 4. cxd5 {[%emt 0:00:01]} exd5 {[%emt 0:00:01]} 5. e4 {[%emt 0:00:01]} dxe4 {[%emt 0:00:01]} 6. d5 {[%emt 0:00:01]} Nf6 {[%emt 0:00:01]} 7. Nxe4 {[%emt 0:00:01]} Nxd5 {[%emt 0:00:01]} 8. Bb5+ {[%emt 0:00:03]} Bd7 {[%emt 0:00:04]} 9. Qxd5 {[%emt 0:00:07]} Bxb5 {[%emt 0:00:01]} 10. Qxb7 {[%emt 0:00:02]} Bc6 {[%emt 0:00:04]} 11. Qb3 {[%emt 0:00:01]} Bxe4 {[%emt 0:00:01]} 12. Qb5+ {[%emt 0:00:03]} Qd7 {[%emt 0:00:02]} 13. Qxd7+ {[%emt 0:00:04]} Nxd7 {[%emt 0:00:01]} 14. b4 {[%emt 0:00:03]} cxb4 {[%emt 0:00:02]} 15. h4 {[%emt 0:00:04]} O-O-O {[%emt 0:00:04]} 16. Rh3 {[%emt 0:00:02]} Ne5 {[%emt 0:00:03]} 17. Bf4 {[%emt 0:00:02]} f6 {[%emt 0:00:02]} 18. Bxe5 {[%emt 0:00:02]} fxe5 {[%emt 0:00:01]} 19. a4 {[%emt 0:00:02]} bxa3 {[%emt 0:00:02]} 20. Rc3+ {[%emt 0:00:01]} Kb7 {[%emt 0:00:02]} 21. Rb3+ {[%emt 0:00:01]} Kc7 {[%emt 0:00:02]} 22. Rc3+ {[%emt 0:00:01]} Kb6 {[%emt 0:00:02]} 23. Rb3+ {[%emt 0:00:01]} Kc6 {[%emt 0:00:02]} 24. Rc3+ {[%emt 0:00:02]} Bc5 {[%emt 0:00:01]} 25. Raxa3 {[%emt 0:00:01]} Bxg2 {[%emt 0:00:03]} 26. Rxa7 {[%emt 0:00:01]} Rd3 {[%emt 0:00:02]} 27. Rxd3 {[%emt 0:00:02]} Bxa7 {[%emt 0:00:01]} 28. Rg3 {[%emt 0:00:01]} Be4 {[%emt 0:00:01]} 29. Rxg7 {[%emt 0:00:01]} Bc5 {[%emt 0:00:01]} 30. Ne2 {[%emt 0:00:01]} Bd3 {[%emt 0:00:01]} 31. Kd2 {[%emt 0:00:01]} Bc4 {[%emt 0:00:01]} 32. f4 {[%emt 0:00:01]} e4 {[%emt 0:00:01]} 33. Rg5 {[%emt 0:00:01]} Rg8 {[%emt 0:00:01]} 34. Rxg8 {[%emt 0:00:01] .} Bxg8 {[%emt 0:00:01]} 0-1

[Event "Test Tournament"]
[Site "Emanuel Lasker Arena"]
[Date "2024.04.02"]
[Round "5"]
[White "Swindler"]
[Black "Thomas Kydd"]
[Result "0-1"]
[WhiteElo "2233"]
[BlackElo "2473"]
[Annotator "RC"]
[PlyCount "100"]
[EventDate "2024.04.02"]
[EventType "swiss (blitz)"]

1. e4 {[%emt 0:00:01]} c5 {[%emt 0:00:01]} 2. Nf3 {[%emt 0:00:01]} d6 {[%emt 0:00:01]} 3. d4 {[%emt 0:00:01]} cxd4 {[%emt 0:00:01]} 4. Nxd4 {[%emt 0:00:01]} Nf6 {[%emt 0:00:01]} 5. Nc3 {[%emt 0:00:01]} a6 {[%emt 0:00:01]} 6. Bg5 {[%emt 0:00:01]} e6 {[%emt 0:00:01]} 7. f4 {[%emt 0:00:01]} Qb6 {[%emt 0:00:01]} 8. Qd2 {[%emt 0:00:01]} Qxb2 {[%emt 0:00:01]} 9. Rb1 {[%emt 0:00:01]} Qa3 {[%emt 0:00:01]} 10. f5 {[%emt 0:00:01]} Nc6 {[%emt 0:00:01]} 11. fxe6 {[%emt 0:00:01]} fxe6 {[%emt 0:00:01]} 12. h3 {[%emt 0:00:02]} Qc5 {[%emt 0:00:01]} 13. Be3 {[%emt 0:00:01]} b5 {[%emt 0:00:01]} 14. Ndxb5 {[%emt 0:00:01]} Qe5 {[%emt 0:00:01]} 15. Nc7+ {[%emt 0:00:01]} Kf7 {[%emt 0:00:01]} 16. Nxa8 {[%emt 0:00:00]} d5 {[%emt 0:00:01]} 17. Rb6 {[%emt 0:00:01]} Nb4 {[%emt 0:00:01]} 18. a3 {[%emt 0:00:01]} a5 {[%emt 0:00:01]} 19. axb4 {[%emt 0:00:00]} Bxb4 {[%emt 0:00:00]} 20. Bd4 {[%emt 0:00:01]} Qg3+ {[%emt 0:00:01]} 21. Kd1 {[%emt 0:00:01]} e5 {[%emt 0:00:01]} 22. Be3 {[%emt 0:00:01]} d4 {[%emt 0:00:01]} 23. Bc4+ {[%emt 0:00:01]} Kg6 {[%emt 0:00:01]} 24. Rxb4 {[%emt 0:00:01]} dxe3 {[%emt 0:00:01]} 25. Qe1 {[%emt 0:00:01]} Qxe1+ {[%emt 0:00:00]} 26. Rxe1 {[%emt 0:00:00]} Rd8+ {[%emt 0:00:01]} 27. Bd3 {[%emt 0:00:01]} axb4 {[%emt 0:00:01]} 28. Nd5 {[%emt 0:00:02]} b3 {[%emt 0:00:01]} 29. Nab6 {[%emt 0:00:01]} b2 {[%emt 0:00:01]} 30. Ke2 {[%emt 0:00:01]} Nxd5 {[%emt 0:00:00]} 31. Nxd5 {[%emt 0:00:01]} Be6 {[%emt 0:00:02]} 32. Kxe3 {[%emt 0:00:01]} Ra8 {[%emt 0:00:02]} 33. Ne7+ {[%emt 0:00:01]} Kf6 {[%emt 0:00:01]} 34. Nc6 {[%emt 0:00:01]} Ra1 {[%emt 0:00:02]} 35. Re2 {[%emt 0:00:02]} b1=Q {[%emt 0:00:01]} 36. Rf2+ {[%emt 0:00:01]} Kg5 {[%emt 0:00:01]} 37. h4+ {[%emt 0:00:02]} Kxh4 {[%emt 0:00:01]} 38. g3+ {[%emt 0:00:01]} Kg5 {[%emt 0:00:01]} 39. Nxe5 {[%emt 0:00:01]} Qc1+ {[%emt 0:00:01]} 40. Ke2 {[%emt 0:00:01]} Qe1+ {[%emt 0:00:01]} 41. Kf3 {[%emt 0:00:01]} Qh1+ {[%emt 0:00:01]} 42. Ke3 {[%emt 0:00:01]} Qc1+ {[%emt 0:00:01]} 43. Ke2 {[%emt 0:00:01]} Qe1+ {[%emt 0:00:01]} 44. Kf3 {[%emt 0:00:01]} Qh1+ {[%emt 0:00:01]} 45. Rg2 {[%emt 0:00:01]} Qd1+ {[%emt 0:00:01]} 46. Kf2 {[%emt 0:00:01]} Qe1+ {[%emt 0:00:01]} 47. Kf3 {[%emt 0:00:01]} h5 {[%emt 0:00:01]} 48. g4 {[%emt 0:00:01]} h4 {[%emt 0:00:01]} 49. c4 {[%emt 0:00:02]} h3 {[%emt 0:00:01]} 50. Re2 {[%emt 0:00:01]} Qf1+ {[%emt 0:00:01]} 0-1

[Event "Test Tournament"]
[Site "Emanuel Lasker Arena"]
[Date "2024.04.09"]
[Round "5"]
[White "Alicia"]
[Black "MikhailBerg"]
[Result "0-1"]
[WhiteElo "2226"]
[BlackElo "2094"]
[Annotator "RC"]
[PlyCount "88"]
[EventDate "2024.04.09"]
[EventType "swiss (blitz)"]

1. e4 {[%emt 0:00:01]} c5 {[%emt 0:00:01]} 2. Nf3 {[%emt 0:00:01]} d6 {[%emt 0:00:01]} 3. d4 {[%emt 0:00:01]} cxd4 {[%emt 0:00:01]} 4. Nxd4 {[%emt 0:00:01]} Nf6 {[%emt 0:00:01]} 5. Nc3 {[%emt 0:00:01]} a6 {[%emt 0:00:01]} 6. Bg5 {[%emt 0:00:01]} e6 {[%emt 0:00:01]} 7. f4 {[%emt 0:00:01]} Qb6 {[%emt 0:00:01]} 8. Qd2 {[%emt 0:00:01]} Qxb2 {[%emt 0:00:01]} 9. Rb1 {[%emt 0:00:01]} Qa3 {[%emt 0:00:01]} 10. f5 {[%emt 0:00:01]} Qc5 {[%emt 0:00:01]} 11. Nb3 {[%emt 0:00:01]} Qe5 {[%emt 0:00:01]} 12. Bd3 {[%emt 0:00:04]} Nbd7 {[%emt 0:00:04]} 13. Bf4 {[%emt 0:00:01]} Nxe4 {[%emt 0:00:01]} 14. Nxe4 {[%emt 0:00:01]} Qd5 {[%emt 0:00:01]} 15. fxe6 {[%emt 0:00:04]} fxe6 {[%emt 0:00:01]} 16. Na5 {[%emt 0:00:04]} Be7 {[%emt 0:00:03]} 17. Qc3 {[%emt 0:00:03]} O-O {[%emt 0:00:08]} 18. O-O {[%emt 0:00:03]} h5 {[%emt 0:00:02]} 19. Be3 {[%emt 0:00:03]} Bh4 {[%emt 0:00:02]} 20. h3 {[%emt 0:00:02]} b5 {[%emt 0:00:02]} 21. a4 {[%emt 0:00:02]} Rf5 {[%emt 0:00:02]} 22. Nc6 {[%emt 0:00:02]} Bb7 {[%emt 0:00:02]} 23. axb5 {[%emt 0:00:02]} axb5 {[%emt 0:00:01]} 24. Na5 {[%emt 0:00:02]} b4 {[%emt 0:00:02]} 25. Qc7 {[%emt 0:00:02]} Rxa5 {[%emt 0:00:01]} 26. Qxd7 {[%emt 0:00:01]} Bc6 {[%emt 0:00:01]} 27. Qc7 {[%emt 0:00:01]} Bg3 {[%emt 0:00:01]} 28. Qe7 {[%emt 0:00:02]} Qe5 {[%emt 0:00:02]} 29. Rxf5 {[%emt 0:00:01]} exf5 {[%emt 0:00:01]} 30. Bc4+ {[%emt 0:00:01]} Kh8 {[%emt 0:00:01]} 31. Qf8+ {[%emt 0:00:01]} Kh7 {[%emt 0:00:01]} 32. Bf7 {[%emt 0:00:01]} Ra8 {[%emt 0:00:01]} 33. Ng5+ {[%emt 0:00:01]} Kh6 {[%emt 0:00:00]} 34. Ne4+ {[%emt 0:00:01]} f4 {[%emt 0:00:01]} 35. Qxd6+ {[%emt 0:00:01]} Qxd6 {[%emt 0:00:01]} 36. Nxd6 {[%emt 0:00:01]} fxe3 {[%emt 0:00:01]} 37. Nf5+ {[%emt 0:00:01]} Kh7 {[%emt 0:00:01]} 38. Nxg3 {[%emt 0:00:01]} h4 {[%emt 0:00:01]} 39. Nf5 {[%emt 0:00:01]} e2 {[%emt 0:00:01]} 40. Kf2 {[%emt 0:00:01]} Ra5 {[%emt 0:00:01]} 41. Nd4 {[%emt 0:00:01]} Bf3 {[%emt 0:00:01]} 42. Rxb4 {[%emt 0:00:01]} e1=B+ {[%emt 0:00:01]} 43. Kxe1 {[%emt 0:00:01]} Bxg2 {[%emt 0:00:01]} 44. Nf5 {[%emt 0:00:01] .} Rxf5 {[%emt 0:00:00]} 0-1

[Event "Test Tournament"]
[Site "Emanuel Lasker Arena"]
[Date "2024.04.09"]
[Round "5"]
[White "Jed Bartlet"]
[Black "Roberta Draper"]
[Result "0-1"]
[WhiteElo "2159"]
[BlackElo "1620"]
[Annotator "RC"]
[PlyCount "94"]
[EventDate "2024.04.09"]
[EventType "swiss (blitz)"]

1. d4 {[%emt 0:00:01]} f5 {[%emt 0:00:01]} 2. g3 {[%emt 0:00:01]} Nf6 {[%emt 0:00:01]} 3. Nf3 {[%emt 0:00:01]} e6 {[%emt 0:00:01]} 4. Bg2 {[%emt 0:00:01]} Be7 {[%emt 0:00:01]} 5. O-O {[%emt 0:00:01]} d6 {[%emt 0:00:01]} 6. c4 {[%emt 0:00:01]} O-O {[%emt 0:00:01]} 7. Nc3 {[%emt 0:00:05]} c5 {[%emt 0:00:05]} 8. dxc5 {[%emt 0:00:01]} dxc5 {[%emt 0:00:01]} 9. Ne5 {[%emt 0:00:01]} Qd4 {[%emt 0:00:02]} 10. Bf4 {[%emt 0:00:02]} g5 {[%emt 0:00:04]} 11. Qxd4 {[%emt 0:00:01]} cxd4 {[%emt 0:00:01]} 12. Bxg5 {[%emt 0:00:01]} dxc3 {[%emt 0:00:01]} 13. bxc3 {[%emt 0:00:01]} Nc6 {[%emt 0:00:04]} 14. Nxc6 {[%emt 0:00:01]} bxc6 {[%emt 0:00:01]} 15. Bxc6 {[%emt 0:00:01]} Rb8 {[%emt 0:00:01]} 16. Rab1 {[%emt 0:00:03]} Rxb1 {[%emt 0:00:01]} 17. Rxb1 {[%emt 0:00:01]} Nd5 {[%emt 0:00:03]} 18. Bh6 {[%emt 0:00:04]} Rf6 {[%emt 0:00:03]} 19. Bg5 {[%emt 0:00:02]} Nxc3 {[%emt 0:00:03]} 20. Rb8 {[%emt 0:00:01]} Bd6 {[%emt 0:00:01]} 21. Rxc8+ {[%emt 0:00:01]} Rf8 {[%emt 0:00:01]} 22. Be8 {[%emt 0:00:03]} f4 {[%emt 0:00:02]} 23. c5 {[%emt 0:00:02]} Nxe2+ {[%emt 0:00:01]} 24. Kf1 {[%emt 0:00:01]} fxg3 {[%emt 0:00:01]} 25. cxd6 {[%emt 0:00:01]} Rxf2+ {[%emt 0:00:01]} 26. Ke1 {[%emt 0:00:01]} g2 {[%emt 0:00:01]} 27. Bh5+ {[%emt 0:00:02]} Kg7 {[%emt 0:00:01]} 28. Rc7+ {[%emt 0:00:01]} Kg8 {[%emt 0:00:02]} 29. Kxf2 {[%emt 0:00:01]} g1=Q+ {[%emt 0:00:01]} 30. Kxe2 {[%emt 0:00:01]} Qxg5 {[%emt 0:00:01]} 31. Bf3 {[%emt 0:00:01]} Qf4 {[%emt 0:00:01]} 32. Rd7 {[%emt 0:00:01]} Qd4 {[%emt 0:00:01]} 33. a4 {[%emt 0:00:01]} e5 {[%emt 0:00:01]} 34. Rc7 {[%emt 0:00:01]} e4 {[%emt 0:00:01]} 35. Bg4 {[%emt 0:00:01]} Qd3+ {[%emt 0:00:01]} 36. Ke1 {[%emt 0:00:01]} Qxd6 {[%emt 0:00:00]} 37. Rxa7 {[%emt 0:00:01]} e3 {[%emt 0:00:01]} 38. Ke2 {[%emt 0:00:01]} Qf4 {[%emt 0:00:01]} 39. Bf3 {[%emt 0:00:01]} Qxh2+ {[%emt 0:00:01]} 40. Kd3 {[%emt 0:00:01]} Qd2+ {[%emt 0:00:01]} 41. Kc4 {[%emt 0:00:01]} e2 {[%emt 0:00:01]} 42. Ra8+ {[%emt 0:00:01]} Kg7 {[%emt 0:00:01]} 43. Ra7+ {[%emt 0:00:01]} Kf8 {[%emt 0:00:01]} 44. Rxh7 {[%emt 0:00:01]} e1=Q {[%emt 0:00:01]} 45. Bd5 {[%emt 0:00:01]} Qb4+ {[%emt 0:00:01]} 46. Kd3 {[%emt 0:00:01]} Qd1+ {[%emt 0:00:01]} 47. Ke3 {[%emt 0:00:01]} Qbd4# {[%emt 0:00:01] (Lag: Av=0.07s, max=0.4s)} 0-1

[Event "Test Tournament"]
[Site "Emanuel Lasker Arena"]
[Date "2024.04.09"]
[Round "5"]
[White "Irina"]
[Black "ArrowPlay"]
[Result "0-1"]
[WhiteElo "2113"]
[BlackElo "2027"]
[Annotator "RC"]
[PlyCount "80"]
[EventDate "2024.04.09"]
[EventType "swiss (blitz)"]

1. d4 {[%emt 0:00:01]} Nf6 {[%emt 0:00:01]} 2. c4 {[%emt 0:00:02]} e6 {[%emt 0:00:01]} 3. g3 {[%emt 0:00:01]} d5 {[%emt 0:00:01]} 4. Bg2 {[%emt 0:00:01]} Be7 {[%emt 0:00:01]} 5. Nf3 {[%emt 0:00:02]} O-O {[%emt 0:00:01]} 6. O-O {[%emt 0:00:01]} dxc4 {[%emt 0:00:05]} 7. Ne5 {[%emt 0:00:01]} Nc6 {[%emt 0:00:01]} 8. Nxc6 {[%emt 0:00:01]} bxc6 {[%emt 0:00:01]} 9. Bxc6 {[%emt 0:00:01]} Rb8 {[%emt 0:00:01]} 10. b3 {[%emt 0:00:04]} Qd6 {[%emt 0:00:01]} 11. Bf3 {[%emt 0:00:04]} cxb3 {[%emt 0:00:02]} 12. axb3 {[%emt 0:00:01]} Bb7 {[%emt 0:00:02]} 13. Bf4 {[%emt 0:00:03]} Qd7 {[%emt 0:00:04]} 14. Rxa7 {[%emt 0:00:02]} Bxf3 {[%emt 0:00:01]} 15. exf3 {[%emt 0:00:01]} Nd5 {[%emt 0:00:03]} 16. Qc1 {[%emt 0:00:03]} Rxb3 {[%emt 0:00:01]} 17. Bxc7 {[%emt 0:00:03]} Rxf3 {[%emt 0:00:03]} 18. Qc4 {[%emt 0:00:02]} Rc8 {[%emt 0:00:04]} 19. Bd6 {[%emt 0:00:02]} Rxc4 {[%emt 0:00:01]} 20. Rxd7 {[%emt 0:00:01]} Bxd6 {[%emt 0:00:01]} 21. Rxd6 {[%emt 0:00:02]} h6 {[%emt 0:00:02]} 22. Rd8+ {[%emt 0:00:02]} Kh7 {[%emt 0:00:00]} 23. Re1 {[%emt 0:00:02]} Rxd4 {[%emt 0:00:02]} 24. Kg2 {[%emt 0:00:02]} Rb3 {[%emt 0:00:02]} 25. f3 {[%emt 0:00:02]} Rxb1 {[%emt 0:00:02]} 26. Rxb1 {[%emt 0:00:01]} Ne3+ {[%emt 0:00:01]} 27. Kf2 {[%emt 0:00:01]} Rxd8 {[%emt 0:00:01]} 28. Kxe3 {[%emt 0:00:01]} Ra8 {[%emt 0:00:01]} 29. Kf2 {[%emt 0:00:02]} Ra7 {[%emt 0:00:01]} 30. Rc1 {[%emt 0:00:01]} Kg6 {[%emt 0:00:01]} 31. Rd1 {[%emt 0:00:01]} Ra2+ {[%emt 0:00:01]} 32. Kg1 {[%emt 0:00:01]} Kg5 {[%emt 0:00:01]} 33. Re1 {[%emt 0:00:01]} Kh5 {[%emt 0:00:01]} 34. Re3 {[%emt 0:00:01]} Kg5 {[%emt 0:00:01]} 35. Kh1 {[%emt 0:00:01]} Rd2 {[%emt 0:00:01]} 36. Re1 {[%emt 0:00:01]} Rb2 {[%emt 0:00:01]} 37. Rc1 {[%emt 0:00:01]} Kf5 {[%emt 0:00:01]} 38. h4 {[%emt 0:00:01]} Re2 {[%emt 0:00:01]} 39. Rd1 {[%emt 0:00:01]} Kf6 {[%emt 0:00:01]} 40. Rc1 {[%emt 0:00:01] .} Rf2 {[%emt 0:00:01]} 0-1

[Event "Test Tournament"]
[Site "Emanuel Lasker Arena"]
[Date "2024.04.09"]
[Round "5"]
[White "StressTest"]
[Black "Jamie Fraser"]
[Result "0-1"]
[WhiteElo "2101"]
[BlackElo "2119"]
[Annotator "RC"]
[PlyCount "84"]
[EventDate "2024.04.09"]
[EventType "swiss (blitz)"]

1. e4 {[%emt 0:00:01]} e5 {[%emt 0:00:01]} 2. Nf3 {[%emt 0:00:01]} Nc6 {[%emt 0:00:01]} 3. Bb5 {[%emt 0:00:01]} a6 {[%emt 0:00:01]} 4. Ba4 {[%emt 0:00:01]} Nf6 {[%emt 0:00:01]} 5. O-O {[%emt 0:00:01]} Be7 {[%emt 0:00:01]} 6. Re1 {[%emt 0:00:01]} b5 {[%emt 0:00:01]} 7. Bb3 {[%emt 0:00:01]} O-O {[%emt 0:00:01]} 8. d3 {[%emt 0:00:01]} Na5 {[%emt 0:00:01]} 9. Nxe5 {[%emt 0:00:01]} Nxb3 {[%emt 0:00:01]} 10. axb3 {[%emt 0:00:01]} c5 {[%emt 0:00:02]} 11. Qf3 {[%emt 0:00:05]} Qb6 {[%emt 0:00:02]} 12. Bg5 {[%emt 0:00:04]} Bb7 {[%emt 0:00:05]} 13. Nxd7 {[%emt 0:00:01]} Nxd7 {[%emt 0:00:01]} 14. Bxe7 {[%emt 0:00:01]} Ne5 {[%emt 0:00:04]} 15. Qg3 {[%emt 0:00:04]} f6 {[%emt 0:00:04]} 16. Nc3 {[%emt 0:00:01]} Rf7 {[%emt 0:00:03]} 17. f4 {[%emt 0:00:01]} Rxe7 {[%emt 0:00:01]} 18. fxe5 {[%emt 0:00:01]} Rxe5 {[%emt 0:00:01]} 19. Re3 {[%emt 0:00:03]} h5 {[%emt 0:00:02]} 20. h3 {[%emt 0:00:03]} g5 {[%emt 0:00:02]} 21. Rae1 {[%emt 0:00:02]} b4 {[%emt 0:00:02]} 22. Na4 {[%emt 0:00:02]} Qe6 {[%emt 0:00:02]} 23. Rf1 {[%emt 0:00:02]} Bc6 {[%emt 0:00:02]} 24. Nb6 {[%emt 0:00:02]} Rd8 {[%emt 0:00:02]} 25. Ref3 {[%emt 0:00:02]} h4 {[%emt 0:00:01]} 26. Qf2 {[%emt 0:00:03]} g4 {[%emt 0:00:01]} 27. Rxf6 {[%emt 0:00:01]} g3 {[%emt 0:00:01]} 28. Qe3 {[%emt 0:00:01]} Qe8 {[%emt 0:00:01]} 29. R1f5 {[%emt 0:00:02]} Rxf5 {[%emt 0:00:01]} 30. Rxf5 {[%emt 0:00:01]} Qg6 {[%emt 0:00:01]} 31. Qxc5 {[%emt 0:00:01]} Qh6 {[%emt 0:00:01]} 32. Rg5+ {[%emt 0:00:01]} Kf7 {[%emt 0:00:01]} 33. Kh1 {[%emt 0:00:02]} Qf6 {[%emt 0:00:01]} 34. Rf5 {[%emt 0:00:01]} Bxe4 {[%emt 0:00:01]} 35. Qc7+ {[%emt 0:00:01]} Ke8 {[%emt 0:00:01]} 36. Rxf6 {[%emt 0:00:00]} Bxg2+ {[%emt 0:00:02]} 37. Kxg2 {[%emt 0:00:00]} Rd4 {[%emt 0:00:01]} 38. Qg7 {[%emt 0:00:01]} a5 {[%emt 0:00:01]} 39. c4 {[%emt 0:00:01]} bxc3 {[%emt 0:00:01]} 40. Rf5 {[%emt 0:00:01]} Rxd3 {[%emt 0:00:01]} 41. Rxa5 {[%emt 0:00:00]} Rd2+ {[%emt 0:00:00]} 42. Kf3 {[%emt 0:00:01]} Rxb2 {[%emt 0:00:00]} 0-1